00529nam a2200157Ia 450000500170000000800410001704100080005808200160006610000190008224500450010126000430014630000090018965000220019899900190022095201320023920250729165722.0250729s2011 xx 000 0 und d aeng a372.25 SAFM aSafaya9231309 aModern Theory and Principle of Education aNewdelhibDanpat Rai Publicationc2011 a512p aEducation9231310 c239217d239217 00104070aALbALd2025-07-29eManagement Booksg180.00l0o372.25 SAFMpBED04536r2025-07-29 16:57:22v180.00w2025-07-29yBK